El andaluz /

Bibliographic Details
Main Author: Jiménez Fernández, Rafael (Author)
Format: Electronic eBook
Language:Spanish
Published: Madrid : Arco/Libros, S. L., [2014]
Series:Cuadernos de lengua española ; 62.
Subjects:
Online Access:Digitalia Hispánica

MARC

LEADER 00000nam a2200000Ii 4500
001 DIGARCOL0038
003 NyNyDIG
006 m o d
007 cr |||||||||||
008 241001s2014 sp b ob 000 0 spa d
035 |a (OCoLC)1458531635 
040 |a DGITA  |b eng  |e rda  |e pn  |c DGITA 
020 |z 9788476353479 
043 |a e-sp--- 
050 1 4 |a PC4806 ebook 
100 1 |a Jiménez Fernández, Rafael,  |e author. 
245 1 3 |a El andaluz /  |c Rafael Jiménez Fernández. 
264 1 |a Madrid :  |b Arco/Libros, S. L.,  |c [2014] 
300 |a 1 online resource :  |b maps. 
336 |a text  |b txt  |2 rdacontent 
337 |a computer  |b c  |2 rdamedia 
338 |a online resource  |b cr  |2 rdacarrier 
347 |a text file  |2 rdaft 
347 |b PDF 
490 1 |a Cuadernos de lengua española ;  |v 62 
504 |a Includes bibliographical references. 
588 0 |a Online resource; title from PDF title page (Digitalia, viewed October 1, 2024) 
650 0 |a Spanish language  |x Dialects  |z Spain  |z Andalusia. 
650 0 |a Spanish language  |x Pronunciation. 
791 2 |a Digitalia (Firm),  |e distributor. 
793 0 |g Digitalia eBook Collection:  |a Arco/Libros 
776 0 8 |i Print version:  |a Jiménez Fernández, Rafael.  |t Andaluz.  |b 2a edición, reimpresión 2016.  |d Madrid : Arco/Libros, S. L., [2014]  |z 9788476353479 
830 0 |a Cuadernos de lengua española ;  |v 62.  
856 4 0 |3 Digitalia Hispánica  |u https://www.digitaliapublishing.com/a/137890/ 
910 |a Premium collection: 2024